Who's That Girl (Original Motion Picture Soundtrack Lp 92 5611) (Record n. 99630)
[ formato base ]
| 000 -LEADER | |
|---|---|
| fixed length control field | 02706njm a2200457Ia 4500 |
| 001 - CONTROL NUMBER | |
| control field | 61805 |
| 003 - CONTROL NUMBER IDENTIFIER | |
| control field | IT-RoPAU |
| 005 - DATE AND TIME OF LATEST TRANSACTION | |
| control field | 20220918181119.0 |
| 008 - FIXED-LENGTH DATA ELEMENTS--GENERAL INFORMATION | |
| fixed length control field | 131025s9999 xx 000 0 und d |
| 040 ## - CATALOGING SOURCE | |
| Original cataloging agency | IT-RoPAU |
| 040 ## - CATALOGING SOURCE | |
| Transcribing agency | IT-RoPAU |
| 041 ## - LANGUAGE CODE | |
| Language code of text/sound track or separate title | INGLESE |
| 999 ## - SYSTEM CONTROL NUMBERS (KOHA) | |
| Koha Dewey Subclass [OBSOLETE] | n.d. |
| 100 ## - MAIN ENTRY--PERSONAL NAME | |
| Personal name | AA.VV. |
| 9 (RLIN) | 794 |
| 100 ## - MAIN ENTRY--PERSONAL NAME | |
| Relator term | Autore musica |
| 9 (RLIN) | 23108 |
| 100 ## - MAIN ENTRY--PERSONAL NAME | |
| Miscellaneous information | Codice autore musica SPICS: 12000 |
| 9 (RLIN) | 796 |
| 245 ## - TITLE STATEMENT | |
| Title | Who's That Girl (Original Motion Picture Soundtrack Lp 92 5611) |
| 250 ## - EDITION STATEMENT | |
| Edition statement | 1a ed. |
| 260 ## - PUBLICATION, DISTRIBUTION, ETC. (IMPRINT) | |
| Place of publication, distribution, etc. | NEW YORK |
| 260 ## - PUBLICATION, DISTRIBUTION, ETC. (IMPRINT) | |
| Name of publisher, distributor, etc. | SIRE RECORS INC. |
| Date of publication, distribution, etc. | 1987 [1a Ed.:1987 - Ed. Lingua Orig.: 1987] |
| 300 ## - PHYSICAL DESCRIPTION | |
| Extent | DISCO |
| 300 ## - PHYSICAL DESCRIPTION | |
| Dimensions | 41 minuti (Testo: pag.) |
| 500 ## - GENERAL NOTE | |
| General note | Musica pop, rock. Colonna sonora del film omonimo. |
| 505 ## - FORMATTED CONTENTS NOTE | |
| Formatted contents note | Who's That Girl [(Madonna) (3:00)] - Causing a Commotion [(Madonna) (4:20)] - The Look of Love [(Madonna) (4:03)] - 24 Hours [(Faure Duncan) (3:38)] - Step by Step (4:43) - Turn It Up [(Michael Davidson) (3:56)] - Best Thing Ever (3:51) - Can't Stop [(Madonna) (4:45)] - El Coco Loco [(So So Bad) (Coati Mundi Hernandez) (6:22)] |
| 650 ## - SUBJECT ADDED ENTRY--TOPICAL TERM | |
| Topical term or geographic name as entry element | POP [DISCHI] |
| Relator term | Codice MATERIA SPICS: 9950 |
| 9 (RLIN) | 1001 |
| 700 ## - ADDED ENTRY--PERSONAL NAME | |
| Personal name | Madonna (Ciccone) |
| Miscellaneous information | Codice interprete SPICS: 13281 |
| Relator term | Interprete |
| 9 (RLIN) | 23109 |
| 700 ## - ADDED ENTRY--PERSONAL NAME | |
| Personal name | Madonna (Ciccone) |
| Miscellaneous information | Codice autore testo/musica SPICS: 13281 |
| Relator term | Autore testo/musica |
| Name of part/section of a work | Who's That Girl - Causing a Commotion - The Look of Love - Can't Stop |
| 9 (RLIN) | 23110 |
| 700 ## - ADDED ENTRY--PERSONAL NAME | |
| Personal name | Leonard Patrick |
| Miscellaneous information | Codice autore musica SPICS: 21695 |
| Relator term | Autore musica |
| Name of part/section of a work | Who's That Girl - The Look of Love |
| 9 (RLIN) | 23111 |
| 700 ## - ADDED ENTRY--PERSONAL NAME | |
| Personal name | Bray Steve (Stephen) |
| Miscellaneous information | Codice autore musica SPICS: 21696 |
| Relator term | Autore musica |
| Name of part/section of a work | Causing a Commotion |
| 9 (RLIN) | 23112 |
| 700 ## - ADDED ENTRY--PERSONAL NAME | |
| Personal name | Wilson J. |
| Miscellaneous information | Codice autore musica SPICS: 21697 |
| Relator term | Autore musica |
| Name of part/section of a work | Twenty-Four Hours |
| 9 (RLIN) | 23113 |
| 700 ## - ADDED ENTRY--PERSONAL NAME | |
| Personal name | Kessler M. |
| Miscellaneous information | Codice autore testo/musica SPICS: 21698 |
| Relator term | Autore testo/musica |
| Name of part/section of a work | Twenty-Four Hours |
| 9 (RLIN) | 23114 |
| 700 ## - ADDED ENTRY--PERSONAL NAME | |
| Personal name | Agent D. |
| Miscellaneous information | Codice autore musica SPICS: 21700 |
| Relator term | Autore musica |
| Name of part/section of a work | Step By Step |
| 9 (RLIN) | 23115 |
| 700 ## - ADDED ENTRY--PERSONAL NAME | |
| Personal name | Foster David |
| Miscellaneous information | Codice autore SPICS: 21699 |
| Relator term | Autore |
| Name of part/section of a work | Step By Step |
| 9 (RLIN) | 23116 |
| 700 ## - ADDED ENTRY--PERSONAL NAME | |
| Personal name | King J. |
| Miscellaneous information | Codice autore testo/musica SPICS: 21773 |
| Relator term | Autore testo/musica |
| Name of part/section of a work | Step By Step |
| 9 (RLIN) | 23117 |
| 700 ## - ADDED ENTRY--PERSONAL NAME | |
| Personal name | Davidson Michael |
| Miscellaneous information | Codice autore musica SPICS: 21775 |
| Relator term | Autore musica |
| Name of part/section of a work | Turn It Up |
| 9 (RLIN) | 23118 |
| 700 ## - ADDED ENTRY--PERSONAL NAME | |
| Personal name | Mercier F. |
| Miscellaneous information | Codice autore testo/musica SPICS: 21701 |
| Relator term | Autore testo/musica |
| Name of part/section of a work | Turn It Up |
| 9 (RLIN) | 23119 |
| 700 ## - ADDED ENTRY--PERSONAL NAME | |
| Personal name | Gamson David |
| Miscellaneous information | Codice autore musica SPICS: 21703 |
| Relator term | Autore musica |
| Name of part/section of a work | Best Thing Ever |
| 9 (RLIN) | 23120 |
| 700 ## - ADDED ENTRY--PERSONAL NAME | |
| Personal name | Gartside G. |
| Miscellaneous information | Codice autore testo/musica SPICS: 21702 |
| Relator term | Autore testo/musica |
| Name of part/section of a work | Best Thing Ever |
| 9 (RLIN) | 23121 |
| 700 ## - ADDED ENTRY--PERSONAL NAME | |
| Personal name | Coati Mundi |
| Miscellaneous information | Codice autore musica SPICS: 21704 |
| Relator term | Autore musica |
| Name of part/section of a work | El coco loco (So So Bad) |
| 9 (RLIN) | 23122 |
| 942 ## - ADDED ENTRY ELEMENTS (KOHA) | |
| Koha item type | DISCHI |
| Source of classification or shelving scheme | Dewey Decimal Classification |
| Withdrawn status | Lost status | Damaged status | Not for loan | Home library | Current library | Date acquired | Total Checkouts | Full call number | Date last seen | Price effective from | Koha item type | Public note |
|---|---|---|---|---|---|---|---|---|---|---|---|---|
| Buone Condizioni | Not For Loan | SPICS-MEDIATECA | SPICS-MEDIATECA | 25/10/2013 | 61805 | 25/10/2013 | 25/10/2013 | DISCHI | Progr. Ins.: 15719 / N.Vol.: 1 / Copie: 1 - Copia rara: n.d. / date import: 01.01.2014 - By Epidotti, Trombetti, Vaglietti |